000 01427nam a2200373 i 4500
001 24829
003 Mx-PuUPA
005 20250626145405.0
008 140415s2019 sp a gr 001 0 spa d
017 _aM-7.352-2019
020 _a9788491713364
040 _cMx-PuUPA
_aMx-PuUPA
_bspa
_dMx-PuUPA
_erda
041 0 _aspa
100 1 _aOnandia Hinchado, Ibán,
_eautor
_917198
245 1 0 _aEvaluación neuropsicológica de los procesos atencionales /
_cIban Onandia Hinchado, Miriam Sánchez SanSegundo, Javier Oltra Cucarella
264 1 _aMadrid, España :
_bEditorial Síntesis,
_c[2019?]
300 _a202 páginas
_bilustraciones, tablas ;
_c22 cm
336 _2rdacontent
_atexto
_btxt
337 _2rdamedia
_asin medio
_bn
338 _2rdacarrier
_avolumen
_bnc
490 0 _aColección Biblioteca de Neuropsicología
490 0 _aGuías prácticas de evaluación neuropsicológica ;
_v36
650 7 _aNeuropsicología clínica
_2armarc
650 7 _2armarc
_aAtención
_xEvaluación
650 7 _2armarc
_aAtención
_xPruebas
650 7 _aCognición
_2armarc
650 7 _2armarc
_aAtención
_xTrastornos
700 1 _aSánchez Sansegundo, Miriam,
_eautor
700 1 _aOltra Cucarella, Javier,
_eautor
942 _2ddc
_cLI
_h616.8
_iO58
999 _c24829
_d24829